000
00457nam a2200181Ia 4500
008
100917s9999 xx 000 0 und d
082
_b
52441
100
_a
बोराडे रा. रं.
245
_a
वानवळा
260
_b
अमेय प्रकाशन
_c
1979
300
_a
239
365
_b
20
520
_a
कथा
630
_a
वानवळा
650
_a
कथा
730
_a
वानवळा
942
_c
BOOK
999
_c
657835
_d
657832